La Suède (Record no. 151430)
[ view plain ]
| 000 -LEADER | |
|---|---|
| campo de control de longitud fija | 00765nam a2200169 i 4500 |
| 001 - NÚMERO DE CONTROL | |
| campo de control | 151430 |
| 003 - IDENTIFICADOR DE NÚMERO DE CONTROL | |
| campo de control | ES-MaACL |
| 005 - FECHA Y HORA DE LA ÚLTIMA TRANSACCIÓN | |
| campo de control | 20240713063132.0 |
| 008 - DATOS DE LONGITUD FIJA--INFORMACIÓN GENERAL | |
| campo de control de longitud fija | 931025s1879 sw bf |||| | fre d |
| 100 2# - ENTRADA PRINCIPAL--NOMBRE DE PERSONA | |
| Nombre de persona | Almquist, Gustav Fridolf, |
| Fechas asociadas al nombre | 1814-1866 |
| 9 (RLIN) | 125621 |
| 245 13 - MENCIÓN DEL TÍTULO | |
| Título | La Suède |
| Resto del título | : ses progrès sociaux et ses institutions pénitentiaires / |
| Mención de responsabilidad, etc. | par G. Fr. Almquist. |
| 260 ## - PUBLICACIÓN, DISTRIBUCIÓN, ETC. | |
| Lugar de publicación, distribución, etc. | Stockholm : |
| Nombre del editor, distribuidor, etc. | [s.n.], |
| Fecha de publicación, distribución, etc. | 1879 ( |
| Fabricante | P.A. Norsteult & Süner) |
| 300 ## - DESCRIPCIÓN FÍSICA | |
| Extensión | 153 p., [1] h. de map., [2] h. de lám. pleg. ; |
| Dimensiones | 23 cm. |
| 650 #4 - PUNTO DE ACCESO ADICIONAL DE MATERIA--TÉRMINO DE MATERIA | |
| Término de materia o nombre geográfico como elemento de entrada | Establecimientos penitenciarios- |
| Subdivisión geográfica | Suecia. |
| 9 (RLIN) | 143334 |
| 852 ## - LOCALIZACIÓN | |
| Ubicación | ES-MaACL |
| Número de control de estantería | D-260(6) |
| Nota libre | - Enc. en un vol. facticio, formando parte de la col. facticia "Estudios penitenciarios", n. 6 |
| -- | . - Donativo Lastres |
| Estatus retirado | Estado de pérdida | Estado de daño | No para préstamo | Colección | Biblioteca de origen | Biblioteca actual | Ubicación en estantería | Fecha de adquisición | Total de préstamos | Signatura topográfica completa | Código de barras | Visto por última vez | Precio de reemplazo | Tipo de ítem Koha |
|---|---|---|---|---|---|---|---|---|---|---|---|---|---|---|
| Libros del s. XIX | Biblioteca del Ateneo de Madrid | Biblioteca del Ateneo de Madrid | Sala Valle Inclán | 17/01/2008 | D-260(6) | 901157998 | 23/02/2023 | 23/02/2023 | Libro impreso antiguo |
